000 00472pab a2200157 454500
008 180718b1997 xxu||||| |||| 00| 0 eng d
100 _aSarker, Subhas Chandra
245 _aErosion of constitutional propriety and democratic process: as revealed by President Venkataraman's memoirs
260 _c1997
300 _ap.7-10,14
362 _a6 Jul
650 _aIndia - Politics and government
650 _aPolitics and government
773 _aJanata
909 _a34865
999 _c34865
_d34865